| 000 | 00744nmc a2200277 a 4500 | ||
|---|---|---|---|
| 003 | AR-BaBNM | ||
| 005 | 20251128211430.0 | ||
| 008 | 144020s1999 ||||||||||||||000 | spa|| | ||
| 020 | _a0-582-01820-X | ||
| 040 | _cAR-BaBNM | ||
| 100 | 1 | _aDumas, Alexandre | |
| 245 | 1 | 0 | _aThe count of Monte Cristo |
| 260 |
_aEssex _bPearson Education Limited _c1999 |
||
| 300 |
_a74 p. _bil. |
||
| 490 | 0 |
_aLongman classics. Level 3 _vv. 24 |
|
| 650 | 4 | _aLITERATURA FRANCESA | |
| 650 | 4 | _aINGLES | |
| 650 | 4 | _aACTIVIDADES DE APRENDIZAJE | |
| 653 | _aLITERATURA JUVENIL | ||
| 653 | _aADAPTACIONES LITERARIAS | ||
| 655 | _aLITERATURA | ||
| 700 | 1 |
_aSwan, D.K. _eadaptador |
|
| 700 | 1 |
_aWest, Michael _eadaptador |
|
| 942 | _cBK | ||
| 998 | _cmartin | ||
| 999 |
_c19671 _d19671 |
||